<?xml version="1.0" encoding="UTF-8"?>
<marc:record xmlns:marc="http://www.loc.gov/MARC21/slim">
   <marc:leader>00000nam a2200000 a 4500</marc:leader>
   <marc:datafield ind1="1" ind2=" " tag="100">
      <marc:subfield code="a">Saunders, Catherine</marc:subfield>
      <marc:subfield code="4">aut</marc:subfield>
      <marc:subfield code="e">Verfasser/-in</marc:subfield>
   </marc:datafield>
   <marc:datafield ind1=" " ind2=" " tag="653">
      <marc:subfield code="a">Erstlesealter, Vorschulalter</marc:subfield>
   </marc:datafield>
   <marc:datafield ind1="0" ind2="0" tag="245">
      <marc:subfield code="a">SUPERLESER! Star Wars™ Die Geschichte von Darth Vader</marc:subfield>
   </marc:datafield>
   <marc:datafield ind1="0" ind2="0" tag="245">
      <marc:subfield code="b">2. Lesestufe Sach-Geschichten für Erstleser</marc:subfield>
   </marc:datafield>
   <marc:datafield ind1="0" ind2="0" tag="245">
      <marc:subfield code="c">Saunders, Catherine</marc:subfield>
   </marc:datafield>
   <marc:datafield ind1=" " ind2="1" tag="264">
      <marc:subfield code="a">München</marc:subfield>
      <marc:subfield code="b">DK Verlag Dorling Kindersley</marc:subfield>
      <marc:subfield code="c">2022</marc:subfield>
   </marc:datafield>
   <marc:datafield ind1="1" ind2=" " tag="490">
      <marc:subfield code="a">SUPERLESER!</marc:subfield>
   </marc:datafield>
   <marc:datafield ind1="1" ind2=" " tag="520">
      <marc:subfield code="a">Angaben aus der Verlagsmeldung &#xD;
&#xD;
 SUPERLESER! Star Wars™ Die Geschichte von Darth Vader  : 2. Lesestufe Sach-Geschichten für Erstleser  / von Catherine Saunders&#xD;
&#xD;
&#xD;
            &#xD;
&#xD;
Lesen lernen mit dem großen Bösewicht der Galaxis&#xD;
                &#xD;
&#xD;
Ihn fürchtet das ganze Star Wars™ Universum: Darth Vader. In diesem SUPERLESER!-Erstlesebuch erfahren junge Star Wars™ Fans alles über das Leben des dunklen Lords – von seiner Kindheit als Anakin Skywalker über seine Ausbildung zum Jedi bis zu seinem Weg auf die dunkle Seite der Macht. Eine galaktische Sachgeschichte über den Mann hinter der schwarzen Maske, dank klarer Gliederung, einfachem Wortschatz und Fotos perfekt für Leseanfänger*innen.&#xD;
&#xD;
&#xD;
Buch zur Leseförderung ab der 1./2. Klasse (Lesestufe 2)&#xD;
                &#xD;
&#xD;
Dieses Erstlesebuch über Star Wars™ Bösewicht Darth Vader eignet sich mit kurzen Sätzen, einfacher Sprache und großer Fibelschrift perfekt zur Leseförderung. Ein praktisches Lesebändchen und ein übersichtliches Glossar zum Nachschlagen der Wörter erleichtern das Lesenlernen – und mit dem Mix aus fesselnder Erzählung und spannendem Sachwissen über die Rüstung von Darth Vader und einem kniffligen Quiz macht Lesen üben gleich dreimal so viel Spaß!&#xD;
&#xD;
&#xD;
Lesestufe 2 für Erstleser*innen&#xD;
                &#xD;
&#xD;
• Ab der 1./2. Klasse&#xD;
&#xD;
• Klare Gliederung und kurze Sätze&#xD;
&#xD;
• Große Fibelschrift und leicht fortgeschrittener Wortschatz &#xD;
&#xD;
• Von Grundschullehrer*innen empfohlen&#xD;
&#xD;
&#xD;
Neues Design für noch mehr Lesespaß: Die SUPERLESER!-Reihe&#xD;
                &#xD;
&#xD;
Die DK Erstlesebücher aus der SUPERLESER!-Reihe laden Leseanfänger*innen zur intensiven Beschäftigung mit vielfältigen Themen ein. Ein kluges Konzept trifft auf neues Design und optimierte Methoden zur idealen Leseförderung:&#xD;
&#xD;
• Lebendiger Mix aus Sach- und erzählendem Buch&#xD;
&#xD;
• Altersgerechte Leseförderung durch vier verschiedene Lesestufen&#xD;
&#xD;
• Kniffliges Quiz für einen handlungsorientierten Zugang&#xD;
&#xD;
• Für Eltern: nützliche Tipps zur Leseförderung + Verfügbarkeit bei Antolin.de&#xD;
&#xD;
• Praktisches Lesebändchen und Glossar zum Nachschlagen&#xD;
&#xD;
&#xD;
Das spannende Star Wars™ Buch zum Lesestart! Mit den SUPERLESER!-Erstlesebüchern macht Lesen üben richtig Spaß.</marc:subfield>
   </marc:datafield>
   <marc:datafield ind1=" " ind2=" " tag="020">
      <marc:subfield code="a">9783831044900</marc:subfield>
      <marc:subfield code="9">9783831044900</marc:subfield>
   </marc:datafield>
   <marc:datafield ind1=" " ind2=" " tag="020">
      <marc:subfield code="a">3831044902</marc:subfield>
      <marc:subfield code="9">3831044902</marc:subfield>
   </marc:datafield>
   <marc:datafield ind1=" " ind2=" " tag="041">
      <marc:subfield code="a">ger</marc:subfield>
   </marc:datafield>
   <marc:datafield ind1=" " ind2=" " tag="300">
      <marc:subfield code="b">Mit farbigen Fotos</marc:subfield>
   </marc:datafield>
   <marc:datafield ind1=" " ind2=" " tag="338">
      <marc:subfield code="a">Band</marc:subfield>
   </marc:datafield>
   <marc:datafield ind1=" " ind2=" " tag="300">
      <marc:subfield code="a">64 Seiten</marc:subfield>
   </marc:datafield>
</marc:record>
